00832nam a2200193 i 450000100060000000300090000600500170001500700030003200800410003510000360007624501550011226000730026730000340034070000540037471000390042885200320046799900170049995201220051624942ES-MaACL20250727154944.0t|021219s1972 sp ||||1| spa d1 aAngulo Iñiguez, Diego.92178810aHistoria de la pintura española b: Escuela toledana de la primera mitad el siglo XVII / cpor Diego Angulo Iñiguez, Alfonso E. Pérez Sánchez. aMadrid : bInstituto Diego Velázquez, c1972 (fSucs. Rivadeneyra) a395 p., 308 lám. ; c24 cm.1 aPérez Sánchez, Alfonso E.,d1935-201092408832 aInstituto Diego Velázquez.95021 aES-MaACLjC-51975 bR.85635 c24942d24942 00104070aATENEOMbATENEOMcDEPO2d2008-01-17eSCl0oC-51975p1025715r2023-02-23 00:00:00w2023-02-23yMONOGRAFIA